Development of education (Record no. 480)

MARC details
000 -LEADER
fixed length control field 00820 a2200217 4500
008 - FIXED-LENGTH DATA ELEMENTS--GENERAL INFORMATION
fixed length control field 080820t xxu||||| |||| 00| 0 eng d
010 ## - LIBRARY OF CONGRESS CONTROL NUMBER
LC control number ENG-84822
020 ## - INTERNATIONAL STANDARD BOOK NUMBER
International Standard Book Number 8181160282
Terms of availability 795.00
035 ## - SYSTEM CONTROL NUMBER
System control number EN-68355
037 ## - SOURCE OF ACQUISITION
Source of stock number/acquisition D.B.Act / Pub
082 ## - DEWEY DECIMAL CLASSIFICATION NUMBER
Classification number 379
100 ## - MAIN ENTRY--PERSONAL NAME
Personal name Raina, M. K.
245 ## - TITLE STATEMENT
Title Development of education
Statement of responsibility, etc by M. K. Raina
260 ## - PUBLICATION, DISTRIBUTION, ETC. (IMPRINT)
Place of publication, distribution, etc New Delhi
Name of publisher, distributor, etc Maxford Books
Date of publication, distribution, etc 2006.
270 ## - ADDRESS
Address 4393/4, First Floor, Ansari Road, Darya Ganj, New Delhi
City New Delhi
State or province Delhi
Postal code 110002
Electronic mail address maxfordbooks@hotmail.com
300 ## - PHYSICAL DESCRIPTION
Extent 297 p. ;
Dimensions 21 cm. (Hb)
500 ## - GENERAL NOTE
General note Includes bibliographical references
650 ## - SUBJECT ADDED ENTRY--TOPICAL TERM
Topical term or geographic name as entry element Education
General subdivision development
942 ## - ADDED ENTRY ELEMENTS (KOHA)
Institution code [OBSOLETE] dpl
Koha item type English Books
Call number prefix 379 / RAI
Source of classification or shelving scheme Dewey Decimal Classification
Classification part 379
Call number suffix RAI
Holdings
Withdrawn status Lost status Damaged status Not for loan Home library Current library Date acquired Cost, normal purchase price Total Checkouts Full call number Barcode Date last seen Copy number Uniform Resource Identifier Cost, replacement price Price effective from Koha item type
        D.B.Act.Division D.B.Act.Division 20/08/2008 795.00   379 RAI EN-68355 15/09/2008 1 504 795.00 15/09/2008 English Books

© Delhi Public Library
Hit Counter
free hit counter